| 000 | 01159nam a22002537a 4500 | ||
|---|---|---|---|
| 005 | 20101207120811.0 | ||
| 010 | _aENG-101777 B-430977 | ||
| 020 |
_a9780198066941 _c495.00 |
||
| 020 |
_a0198066945 _c495.00 |
||
| 035 | _aEN-85310 B-430977 | ||
| 037 | _bDBAD/PUB | ||
| 037 | _bAllied Pub/Ven | ||
| 082 | _a921 | ||
| 100 |
_aHiranandani,Popati _928817 |
||
| 245 |
_aThe pages of my life : _bautobiography and selected stories / _cby Popati Hiranandani ; translated from Sindhi by Jyoti Panjwani |
||
| 260 |
_aNew Delhi _bOxford University Press _c2010 |
||
| 270 |
_aYMCA Library Building, Jai Singh Road _bNew Delhi _e110001 |
||
| 300 |
_acv,179p. _c23cm (Hb) |
||
| 700 |
_aPanjwani,Jyoti _924642 |
||
| 942 |
_2ddc _cEN _h921 _mHIR |
||
| 999 |
_c49003 _d49003 |
||